00744nam a2200241 a 4500001001300000003000900013005001700022008004100039020001000080082001800090100001900108245008100127260005100208300000900259500003500268505001400303650002000317700001900337902000800356942000700364952011800371999001300489nice12345678IN_TiNIC20260116011343.0050524s1958 newa grp 000 0 eng  ac10000a297.0959bBEN aBenda, Harry J aCrescent and the Rising Sunb Indonesian Islam Under the Japanese Occupation aNew YorkbInstitute of Pacific Relationsc1958 a320p aincludes index and biblioraphy2 a1942-1945 aIslam-Indonesia1 aBenda, Harry J bSRS cBK 001040708StackRoom-aHMIbHMId2007-07-26g100.00l0o297.0959 BENp02797r2007-07-26v100.00w2005-05-24yBK c789d789